000 00744nam a2200253Ia 4500
003 OSt
005 20221005103113.0
006 a|||||r|||| 00| 0
007 ta
008 221004b |||||||| |||| 00| 0 hin d
024 _a31850
037 _cTextual
040 _aCRL
_cCRL
_bhin
041 _2hin
_ahin
082 _aO152,3M80, M1
100 _aप्रेमचंद
245 0 _aकर्मभूमि
246 _aKarmabhūmi
260 _aइलाहाबाद
_bहंस प्रकाशन भारत
_c1981
300 _a339पृ.
_ccm.
650 _aहिन्दी कहानी
942 _hO152,3M80, M1
_cTEXL
_2cc
999 _c1009458
_d1009458